Environment 95/96 / (Record no. 16624)

000 -LEADER
fixed length control field 00514cam a2200193Ia 4500
020 ## - INTERNATIONAL STANDARD BOOK NUMBER
ISBN 1561343552
040 ## - CATALOGING SOURCE
Transcribing agency UII
082 ## - DEWEY DECIMAL CLASSIFICATION NUMBER
Classification number 333 DUS 1995 A108 Or.
245 00 - TITLE STATEMENT
Title Environment 95/96 /
250 ## - EDITION STATEMENT
Edition statement 14th ed
260 ## - PUBLICATION, DISTRIBUTION, ETC. (IMPRINT)
Place of publication Guilford, Conn. :
Name of publisher Dushkin Pub. Group,
Year of publication c1995
300 ## - PHYSICAL DESCRIPTION
Number of Pages 272 p. :
Other physical details ill. ;
Dimensions 28 cm
500 ## - GENERAL NOTE
General note Includes bibliographical references and index
650 #0 - SUBJECT ADDED ENTRY--TOPICAL TERM
Topical Term Environmental protection
650 #0 - SUBJECT ADDED ENTRY--TOPICAL TERM
Topical Term Nature conservation
650 #0 - SUBJECT ADDED ENTRY--TOPICAL TERM
Topical Term Ecology
700 1# - ADDED ENTRY--PERSONAL NAME
Personal name Allen, John L
942 ## - ADDED ENTRY ELEMENTS (KOHA)
Koha item type សៀវភៅភាសាអង់គ្លេស
952 ## - LOCATION AND ITEM INFORMATION (KOHA)
Withdrawn status [LOCAL, KOHA] 0
952 ## - LOCATION AND ITEM INFORMATION (KOHA)
Withdrawn status [LOCAL, KOHA] 0
952 ## - LOCATION AND ITEM INFORMATION (KOHA)
Withdrawn status [LOCAL, KOHA] 0
Holdings
Permanent Location Date acquired Koha item type Lost status Shelving location Barcode Current Location Full call number
Library Block A2018-03-16សៀវភៅភាសាអង់គ្លេស A108A07711Library Block A333 DUS 1995 A108 Or.
Library Block A2018-03-16សៀវភៅភាសាអង់គ្លេស A108A07057Library Block A333 DUS 1995 A108 Or.
Library Block A2018-03-16សៀវភៅភាសាអង់គ្លេស A108A06102Library Block A333 DUS 1995 A108 Or.
មជ្ឈមណ្ឌលឯការនៃសាកលវិទ្យាល័យភូមិន្ទកសិកម្មចំការដូង

Powered by Koha